00441cam a22001337a 4500008004000000082001600040100002200056245006500078260002200143300001000165650002600175999001900201952008700220180718b1989 xxu||||| |||| 00| 0 eng d aO97x54 Se55 aSen, Rathindra P. aDemographic change and levels of livingcby Rathindra P. Sen aDelhibDayac1989 a157p. aBirth control - India c354064d354064 00104070aIIPAbIIPAd1993-12-07oO97x54 Se55p64470r2018-07-21w2018-07-21yBK